ظهر الإسلام / (رقم التسجيلة. 53685)

تفاصيل مارك
000 -LEADER
fixed length control field 00613nam a22002057a 4500
005 - DATE AND TIME OF LATEST TRANSACTION
control field 20251108171002.0
008 - FIXED-LENGTH DATA ELEMENTS--GENERAL INFORMATION
fixed length control field 250721s9999 xx 000 0 ara d
082 14 - DEWEY DECIMAL CLASSIFICATION NUMBER
Classification number م/956.06/أحم
100 1# - MAIN ENTRY--PERSONAL NAME
Personal name أمين، أحمد
245 10 - TITLE STATEMENT
Title ظهر الإسلام /
250 ## - EDITION STATEMENT
Edition statement ط3
264 1# - PRODUCTION, PUBLICATION, DISTRIBUTION, MANUFACTURE, AND COPYRIGHT NOTICE
Place of production, publication, distribution, manufacture بيروت :
Name of producer, publisher, distributor, manufacturer دار الكتاب العربي،
Date of production, publication, distribution, manufacture, or copyright notice [19-].
300 ## - PHYSICAL DESCRIPTION
Extent 4ج في 2 مج
490 0# - SERIES STATEMENT
Series statement موسوعة أحمد أمين الأسلامية
650 17 - SUBJECT ADDED ENTRY--TOPICAL TERM
Topical term or geographic name as entry element الإسلام_تاريخ
650 17 - SUBJECT ADDED ENTRY--TOPICAL TERM
Topical term or geographic name as entry element العباسيون
650 17 - SUBJECT ADDED ENTRY--TOPICAL TERM
Topical term or geographic name as entry element الحضارة الإسلامية
942 ## - ADDED ENTRY ELEMENTS (KOHA)
Source of classification or shelving scheme Dewey Decimal Classification
Koha item type مراجع
المقتنيات
حالة السحب حالة الفقدان مصدر التصنيف حالة التلف غير قابل للإعارة المكتبة الرئيسية المكتبة الحالية موقع الرف تاريخ التزويد الرقم المتسلسل Total Checkouts رقم الإستدعاء الباركود تاريخ آخر ظهور تاريخ الفاتورة نوع المادة (كوها)
    Dewey Decimal Classification   Not For Loan مكتبة الحسن العامة مكتبة الحسن العامة مراجع 06/07/2004 5539   م/956.06/أحم DUP-01_5539 28/07/2025 06/07/2004 مراجع
    Dewey Decimal Classification     مكتبة حمزة العامة مكتبة حمزة العامة الإعارة 26/11/2015 [750]....   م/956.06/أحم PLD00367092 28/07/2025 26/11/2015 مراجع
    Dewey Decimal Classification     مكتبة حمزة العامة مكتبة حمزة العامة الإعارة 26/11/2015 [751]....   م/956.06/أحم PLD00367094 28/07/2025 26/11/2015 مراجع
Implemented & Customized by: BBB with SCIT (Smart Chains for Information Technology)

Powered by Koha